00492pab a2200145 454500008004000000100001400040245011700054260000900171300001300180362001200193650004100205650002800246700002100274773005100295180718b2017 xxu||||| |||| 00| 0 eng d aEjilvanan aProspectus of major confidence building measures (CBMs) between India and Pakistan: opportunities and challenges c2017 ap.19-22. aJan-Jun aIndia - Foreign relations - Pakistan aInternational relations aMir, Rameez Raja aSouth Asian Journal of Socio-Political Studies